LEADER 01274nam a2200337 a 4500 001 000000030490 003 CaOOAMICUS 005 20151217140142.0 008 970916s1978 fr u000 u fre r 032 $aLibriCat 035 $a10769536 040 $aPUL(R)$bita 082 04$a220 100 1 $aGeorge, Augustin,$cS.M.$0(OLS)http://pul/name/7250 245 10$aEtudes sur l'oeuvre de Luc /$cpar Augustin George, s.m. .. 260 $aParis :$bJ. Gabalda,$c1978. 300 $a487 p. ;$c25 cm 490 1 $aSources bibliques 500 $aIndici : p. [469]-487. 504 $aBibliografia : p. [465]-468. 830 0$aSources bibliques.$0(OLS)http://pul/title/18864 850 $aPUL 852 $aPUL$W1$xSL Religione 3$y85$m220 COLL 1.16$j146237$nBK-PRI$qDDC 21$B42124$CPULBib$Z2$F42124 $H49649 $82 852 $aPUL$W1$xDP1 Fondo Bordoni$y120$m3 D 50$j166445$qFondi$B174198$CPULBib$Z2$F174198 $HBor2176 $81 941 1 $a9 941 1 $a1 961 $aINV: 49649 996 $6082$a220$9(OLS)http://pul/classification/523 996 $6245$aEtudes sur l'oeuvre de Luc$9(OLS)http://pul/title/41890 996 $6260$aParis :$bJ. Gabalda$9(OLS)http://pul/publisher/48260 LEADER 01395nam a2200349 u 4500 001 000000056816 003 CaOOAMICUS 005 20070226120521.0 008 010420s1990 it a u000 u ita u 020 $a8807810581 035 $a10886168 040 $aPUL(R)$bita 041 1 $aita$hger 100 1 $aDhondt, Jan,$d1915-1972.$0(OLS)http://pul/name/39803 240 10$aFrühe Mittelalter.$lItaliano.$0(OLS)http://pul/title/76010 245 12$aL'alto medioevo /$cJan Dhondt. 250 $a2. ed. 260 $aMilano :$bFeltrinelli,$c1990. 300 $a463 p. ;$c20 cm 490 1 $aUniversale economica ;$v1058 500 $aInclude indici. 504 $aBibliografia: p. 426-443. 650 4$aMedioevo$xStoria.$0(OLS)http://pul/subject/1431 830 0$aUniversale Economica ;$v1058.$0(OLS)http://pul/title/12276 850 $aPUL 852 $aPUL$W1$xDP1 Altre Collocazioni$y17$mSenza collocazione$j12$nBK-PRI$b $qStampati$B74454$CPULBib$Z2$F74454 $H $81 852 $aPUL$W1$xSL Filosofia 1$y2$m99 H 14$j74455$nBK-PRI$b $qStampati$B74455$CPULBib$Z2$F74455 $H $81 941 1 $a8 961 $aINV: 45112 996 $6020$a8807810581$9(OLS)http://pul/number/71718 996 $6245$aL'alto medioevo$9(OLS)http://pul/title/76011 996 $6260$aMilano :$bFeltrinelli$9(OLS)http://pul/publisher/48846